Meistgesprochene Sprachen - Statistiken

Allgemein
  • Dieses Quiz wurde 49 mal gespielt
  • Das Durchschnittsergebnis liegt bei 6 aus 10
Antwortstatistiken
Rang Sprachfamilie Anteil an der Weltbevölkerung Sprache % Korrekt
1. Indogermanische Sprachen 18,8 % Englisch
98%
4. Indogermanische Sprachen 6,9 % Spanisch
98%
5. Indogermanische Sprachen 3,4 % Französisch
79%
8. Indogermanische Sprachen 3,2 % Russisch
67%
6. Afroasiatische Sprachen 3,4 % Arabisch
60%
9. Indogermanische Sprachen 3,2 % Portugiesisch
60%
3. Indogermanische Sprachen 7,5 % Hindi
58%
7. Indogermanische Sprachen 3,4 % Bengalisch
14%
2. Sinotibetische Sprachen 13,8 % Mandarin-Chinesisch
12%
10. Indogermanische Sprachen 2,9 % Urdu
12%
Keine übereinstimmenden Quizze gefunden
Verteilung der Resultate
Anzahl Personen mit jedem Resultat
Perzentil nach korrekt beantworteten Fragen
Ihre Resultats-Entwicklung
Sie haben dieses Quiz noch nicht gespielt